000 00745nam a2200301Ia 4500
008 180313s9999 xx 000 0 und d
020 _a9780545646529
050 _bGS FIC S857sp 2014 bk 2
100 _aStilton, Geronimo
245 _aSpacemice :
245 _byou're mine, Captain! /
245 _cby Geronimo Stilton.
260 _aNew York, New York :
260 _bScholastic Inc.,
260 _c2014
300 _a115 pages :
300 _bcolored illustrations ;
300 _c19cm.
440 _aSpacemice ;
440 _v2
650 _aMice --
650 _aStilton, Geronimo --
650 _xFiction.
650 _xGraphic novel.
650 _xJuvenile fiction.
700 _aSeries.
700 _aTitle.
999 _c356240
_d356240